[Event "Fermo Province-ch"]
[Site "Fermo"]
[Date "2009.02.15"]
[Round "5"]
[White "Silvestri, Giorgio"]
[Black "Santarelli, Enrico"]
[Result "1/2-1/2"]
[WhiteElo "1832"]
[BlackElo "1882"]
[PlyCount "113"]
[EventDate "2009.01.31"]
[EventType "swiss"]
[EventRounds "6"]
[EventCountry "ITA"]
[SourceTitle "EXT 2011"]
[Source "ChessBase"]
[SourceDate "2010.11.26"]
[SourceVersion "1"]
[SourceVersionDate "2010.11.26"]
[SourceQuality "1"]

1. d4 d5 2. c4 c6 3. Nf3 Nf6 4. Nc3 dxc4 5. a4 Bf5 6. Ne5 e6 7. f3 Bb4 8. e4 Bxe4 9. fxe4 Nxe4 10. Qf3 Qxd4 11. Qxf7+ Kd8 12. Bg5+ Nxg5 13. Rd1 Nxf7 14. Nxf7+ Ke7 15. Rxd4 Kxf7 16. Bxc4 Ke7 17. Re4 Rf8 18. Rxe6+ Kd7 19. Ke2 Na6 20. Rd1+ Kc7 21. Bxa6 bxa6 22. Rc1 Rae8 23. Rxe8 Rxe8+ 24. Kd3 Kb6 25. Rf1 Re7 26. Na2 a5 27. Nxb4 axb4 28. Rf4 a5 29. Rf8 h6 30. g4 Rd7+ 31. Kc2 c5 32. b3 Rd4 33. g5 c4 34. gxh6 cxb3+ 35. Kxb3 gxh6 36. Rf6+ Kc5 37. Rxh6 Rd3+ 38. Kb2 Ra3 39. Rh5+ Kb6 40. Rh6+ Kc7 41. h4 Rxa4 42. h5 Ra3 43. Ra6 Kb7 44. Rf6 Rh3 45. h6 a4 46. Rf7+ Kc6 47. h7 a3+ 48. Ka2 Rh2+ 49. Kb3 Rb2+ 50. Kc4 Rh2 51. Kxb4 a2 52. Rf1 Rxh7 53. Ra1 Rh2 54. Kb3 Kc5 55. Rxa2 Rh3+ 56. Kb2 Kb4 57. Ra8 1/2-1/2

[Event "Fermo Province-ch"]
[Site "Fermo"]
[Date "2009.02.14"]
[Round "4"]
[White "Santarelli, Enrico"]
[Black "Pescatore, Lorenzo"]
[Result "1-0"]
[WhiteElo "1882"]
[BlackElo "1837"]
[PlyCount "177"]
[EventDate "2009.01.31"]
[EventType "swiss"]
[EventRounds "6"]
[EventCountry "ITA"]
[SourceTitle "EXT 2011"]
[Source "ChessBase"]
[SourceDate "2010.11.26"]
[SourceVersion "1"]
[SourceVersionDate "2010.11.26"]
[SourceQuality "1"]

1. d4 Nf6 2. Nf3 e6 3. Bf4 d5 4. e3 Bd6 5. Nbd2 c5 6. dxc5 Bxf4 7. exf4 Qc7 8. g3 Qxc5 9. Bd3 Nc6 10. c3 b6 11. 0-0 0-0 12. Ne5 Nxe5 13. fxe5 Nd7 14. Nb3 Qe7 15. Qh5 f5 16. f4 g6 17. Qf3 Nc5 18. Bc2 Bb7 19. Nd4 Rf7 20. h4 h5 21. Rfd1 a6 22. a4 Nd7 23. Kh2 Nb8 24. Qe3 Kg7 25. b4 Qd7 26. a5 b5 27. Rac1 Re7 28. Bb3 Nc6 29. Qe1 Nxd4 30. cxd4 Rc8 31. Rc5 Rxc5 32. bxc5 Qc6 33. Kg2 Kf7 34. Kf2 Kg7 35. Ke3 Kf7 36. Kd3 Ke8 37. Kc3 Kf7 38. Kb4 Ba8 39. Rd2 Bb7 40. Rh2 Kg8 41. Qc1 Rh7 42. Bd1 Ba8 43. Qc2 Kg7 44. Rg2 Bb7 45. g4 hxg4 46. Bxg4 Kf7 47. Bd1 Rxh4 48. Qf2 Rh6 49. Rh2 Rxh2 50. Qxh2 Kg8 51. Qh6 Qe8 52. Qg5 Bc6 53. Bh5 Kg7 54. Qf6+ Kh7 55. Be2 Kg8 56. Kc3 Qf7 57. Qg5 Qg7 58. Qd8+ Qf8 59. Qb6 Qc8 60. Kb4 Kh8 61. Qa7 Kg8 62. Qe7 Qe8 63. Qxe8+ Bxe8 64. c6 Bxc6 65. Kc5 Ba8 66. Kb6 b4 67. Bd1 g5 68. fxg5 Kg7 69. Kxa6 Kg6 70. Kb5 Kxg5 71. Kxb4 Kf4 72. Ba4 Ke3 73. Kc5 f4 74. Bd7 f3 75. Bxe6 f2 76. Bh3 Bb7 77. Bf1 Ke4 78. a6 Bc8 79. a7 Bb7 80. e6 Ke3 81. e7 Bc6 82. a8Q Bxa8 83. e8Q+ Kd2 84. Qxa8 Ke1 85. Qa6 Kd2 86. Kxd5 Kd1 87. Ke4 Kc1 88. Qa2 Kd1 89. Kd3 1-0

[Event "Porto Sant Elpidio op-A 11th"]
[Site "Porto Sant Elpidio"]
[Date "2008.11.30"]
[Round "5"]
[White "Ragnini, Damiano"]
[Black "Santarelli, Enrico"]
[Result "1-0"]
[WhiteElo "1834"]
[BlackElo "1803"]
[PlyCount "38"]
[EventDate "2008.11.22"]
[EventType "swiss"]
[EventRounds "6"]
[EventCountry "ITA"]
[SourceTitle "EXT 2011"]
[Source "ChessBase"]
[SourceDate "2010.11.26"]
[SourceVersion "1"]
[SourceVersionDate "2010.11.26"]
[SourceQuality "1"]

1. d4 d5 2. c4 c6 3. Nc3 e5 4. cxd5 cxd5 5. Nf3 Nc6 6. Nxe5 Bb4 7. Nxc6 bxc6 8. e3 Nf6 9. Bd3 Ne4 10. Bxe4 dxe4 11. 0-0 f5 12. Qa4 Qb6 13. a3 Bd6 14. d5 Bd7 15. dxc6 Bxc6 16. Qd1 Be5 17. Qh5+ g6 18. Qg5 0-0 19. h4 Kg7 1-0

[Event "Porto Sant Elpidio op-A 11th"]
[Site "Porto Sant Elpidio"]
[Date "2008.11.29"]
[Round "4"]
[White "Santarelli, Enrico"]
[Black "Marconi, Gabriele"]
[Result "1/2-1/2"]
[WhiteElo "1803"]
[BlackElo "1832"]
[PlyCount "111"]
[EventDate "2008.11.22"]
[EventType "swiss"]
[EventRounds "6"]
[EventCountry "ITA"]
[SourceTitle "EXT 2011"]
[Source "ChessBase"]
[SourceDate "2010.11.26"]
[SourceVersion "1"]
[SourceVersionDate "2010.11.26"]
[SourceQuality "1"]

1. d4 d5 2. c4 e6 3. cxd5 exd5 4. Nc3 Nf6 5. Bg5 c6 6. Qc2 g6 7. e3 Bf5 8. Bd3 Bxd3 9. Qxd3 Bg7 10. Nf3 0-0 11. 0-0 Nbd7 12. Rac1 Qc7 13. Bf4 Qd8 14. h3 Re8 15. Rfe1 Ne4 16. Nd2 f5 17. f3 Nxd2 18. Qxd2 Qh4 19. e4 Bxd4+ 20. Kh2 fxe4 21. fxe4 Bxc3 22. bxc3 Rxe4 23. Rxe4 dxe4 24. Bg5 e3 25. Qxe3 Qc4 26. Qe7 Qf7 27. Rd1 Qxe7 28. Bxe7 Nb6 29. Bf6 Nd5 30. Bd4 Re8 31. Bxa7 Ra8 32. c4 Nc3 33. Rd3 Rxa7 34. Rxc3 Rxa2 35. Rb3 Rc2 36. Kg3 Rxc4 37. Rxb7 c5 38. Rc7 h5 39. Kf3 Rc1 40. h4 c4 41. g4 c3 42. gxh5 gxh5 43. Ke2 c2 44. Kd2 Rh1 45. Rc4 c1Q+ 46. Rxc1 Rxh4 47. Rg1+ Kf7 48. Ke3 Kf6 49. Kf3 Kf5 50. Rg8 Rf4+ 51. Kg3 Rg4+ 52. Rxg4 hxg4 53. Kg2 Kf4 54. Kf2 g3+ 55. Kg2 Kg4 56. Kg1 1/2-1/2

[Event "AP Province-ch"]
[Site "Fermo"]
[Date "2008.01.19"]
[Round "4"]
[White "Santarelli, Enrico"]
[Black "Cataldi, Cristiano"]
[Result "1-0"]
[WhiteElo "1659"]
[BlackElo "1742"]
[PlyCount "112"]
[EventDate "2008.01.12"]
[EventType "swiss"]
[EventRounds "6"]
[EventCountry "ITA"]
[SourceTitle "EXT 2009"]
[Source "ChessBase"]
[SourceDate "2008.11.26"]
[SourceVersion "1"]
[SourceVersionDate "2008.11.26"]
[SourceQuality "1"]

1. Nf3 d5 2. e3 Nc6 3. Bb5 Bd7 4. b3 g6 5. Bb2 Nf6 6. d3 a6 7. Bxc6 Bxc6 8. Nbd2 Bg7 9. Qe2 b5 10. 0-0 0-0 11. b4 Qd6 12. a3 Rfe8 13. Nb3 Nd7 14. Bxg7 Kxg7 15. d4 f6 16. Ne1 e5 17. c3 e4 18. Nc2 f5 19. f4 exf3 20. Qxf3 Nf6 21. Nc5 Ne4 22. Nxe4 dxe4 23. Qh3 Bd7 24. Qh4 Qc6 25. Qe1 Be6 26. Qd2 Rad8 27. g3 g5 28. Rf2 h5 29. Ne1 Rh8 30. Ng2 Qd6 31. a4 c6 32. a5 Rhg8 33. Kh1 Kg6 34. Raf1 Rh8 35. Rg1 Kh6 36. Qd1 Rdf8 37. Qe2 Bc4 38. Qe1 Rhg8 39. Rd2 Bd5 40. h4 Rg7 41. hxg5+ Rxg5 42. Nf4 Rfg8 43. Rh2 Bf7 44. Rh3 R8g7 45. Qe2 Qf8 46. Qd1 Rg4 47. d5 cxd5 48. Nxd5 Qd6 49. Nf4 Qxd1 50. Rxd1 Rxg3 51. Rd6+ Kh7 52. Kh2 Rxh3+ 53. Kxh3 Rg1 54. Rxa6 Re1 55. Ra7 Rxe3+ 56. Kh4 Kg8 1-0

[Event "AP Province-ch"]
[Site "Fermo"]
[Date "2008.01.13"]
[Round "3"]
[White "Santarelli, Enrico"]
[Black "Fioravanti, Emidio"]
[Result "0-1"]
[WhiteElo "1659"]
[BlackElo "2016"]
[PlyCount "80"]
[EventDate "2008.01.12"]
[EventType "swiss"]
[EventRounds "6"]
[EventCountry "ITA"]
[SourceTitle "EXT 2009"]
[Source "ChessBase"]
[SourceDate "2008.11.26"]
[SourceVersion "1"]
[SourceVersionDate "2008.11.26"]
[SourceQuality "1"]

1. Nf3 Nf6 2. b3 b6 3. Bb2 Bb7 4. e3 e6 5. Be2 Be7 6. c4 c5 7. 0-0 Qc7 8. d4 d5 9. Nbd2 Nbd7 10. Rc1 Rc8 11. cxd5 Bxd5 12. Ba6 Bb7 13. Qe2 0-0 14. dxc5 Nxc5 15. Bxb7 Qxb7 16. Rfd1 Rfd8 17. Nc4 Qe4 18. Nfe5 Qf5 19. f3 Qh5 20. e4 Ncd7 21. Nxd7 Nxd7 22. e5 Bg5 23. Rc2 Bf4 24. g3 Qg6 25. Kh1 Bg5 26. f4 Be7 27. Rcc1 Nc5 28. Nd6 Bxd6 29. Rxd6 Ne4 30. Rxd8+ Rxd8 31. Rc2 h6 32. Kg2 h5 33. Ba3 Rd5 34. Kf3 Nxg3 35. hxg3 Rd3+ 36. Kg2 Rxg3+ 37. Kh2 h4 38. Rc8+ Kh7 39. Qc2 Rd3 40. Qg2 Rg3 0-1

[Event "Porto Sant Elpidio op-B 10th"]
[Site "Porto Sant Elpidio"]
[Date "2007.12.02"]
[Round "6"]
[White "Santarelli, Enrico"]
[Black "Pescatore, Lorenzo"]
[Result "1-0"]
[WhiteElo "1671"]
[BlackElo "1600"]
[PlyCount "53"]
[EventDate "2007.11.24"]
[EventType "swiss"]
[EventRounds "6"]
[EventCountry "ITA"]
[SourceTitle "EXT 2010"]
[Source "ChessBase"]
[SourceDate "2010.11.25"]
[SourceVersion "1"]
[SourceVersionDate "2010.11.25"]
[SourceQuality "1"]

1. Nf3 d5 2. e3 Nf6 3. b3 e6 4. Bb2 c5 5. Be2 Nc6 6. 0-0 Bd6 7. d4 0-0 8. c4 b6 9. Nbd2 Bb7 10. Rc1 Rc8 11. Bd3 Re8 12. Ne5 Qc7 13. f4 Nd7 14. Ndf3 Ndxe5 15. fxe5 Be7 16. Qc2 h6 17. Qf2 Nb4 18. Bb1 dxc4 19. bxc4 Qd7 20. a3 Na6 21. Nd2 Rf8 22. Ne4 cxd4 23. exd4 Nc5 24. Nf6+ gxf6 25. exf6 Bd6 26. Qh4 Qc6 27. Qg4+ 1-0

[Event "Ascoli Piceno Province-ch"]
[Site "Fermo"]
[Date "2006.01.21"]
[Round "4"]
[White "Santarelli, Enrico"]
[Black "Paci, Paolo"]
[Result "1/2-1/2"]
[WhiteElo "1554"]
[BlackElo "1584"]
[PlyCount "154"]
[EventDate "2006.01.14"]
[EventType "swiss"]
[EventRounds "6"]
[EventCountry "ITA"]
[SourceTitle "EXT 2024"]
[Source "ChessBase"]
[SourceDate "2023.10.10"]
[SourceVersion "1"]
[SourceVersionDate "2023.10.10"]
[SourceQuality "1"]

1. d4 g6 2. e4 d6 3. Bd3 Bg7 4. c3 Nd7 5. Nf3 Ngf6 6. Nbd2 b6 7. 0-0 0-0 8. Re1 e5 9. dxe5 dxe5 10. Nc4 Re8 11. b4 Bb7 12. a4 a5 13. Qc2 Ba6 14. Bb2 Bf8 15. Ba3 Nh5 16. Rad1 Qf6 17. Bf1 Bb7 18. Rxd7 Bc8 19. Rd5 Bg4 20. Nfxe5 Be6 21. Nd7 Qf4 22. Rdd1 Rad8 23. Nxf8 Rxf8 24. bxa5 Rfe8 25. axb6 cxb6 26. Bd6 Qg5 27. Nxb6 Qa5 28. Nd5 Rxd6 29. Nf6+ Nxf6 30. Rxd6 Rc8 31. c4 Qxe1 32. Rd4 Rc5 33. f3 Qa1 34. Rd1 Qe5 35. Rd3 Kg7 36. Rb3 Qa1 37. Rb5 Qd4+ 38. Qf2 Qxf2+ 39. Kxf2 Rc8 40. Rb4 Ra8 41. c5 Nd7 42. c6 Nc5 43. Bb5 Kf8 44. Rd4 Ke7 45. f4 Rd8 46. Ke3 Nb3 47. Rxd8 Kxd8 48. h3 Kc7 49. g4 f5 50. exf5 gxf5 51. g5 Bd5 52. Bd3 Be6 53. Bb5 Kb6 54. h4 Bf7 55. Bd3 Bg6 56. h5 Bxh5 57. Bxf5 Kxc6 58. Bxh7 Nc5 59. g6 Ne6 60. Bg8 Ng7 61. Bf7 Bd1 62. a5 Kb5 63. Kd4 Kxa5 64. Ke5 Bc2 65. Kf6 Nh5+ 66. Kg5 Ng7 67. Kh6 Nf5+ 68. Kh7 Kb6 69. Kh8 Kc5 70. g7 Nxg7 71. Kxg7 Kd6 72. Bg6 Bb3 73. Kf6 Be6 74. Be8 Bc4 75. Bf7 Bd3 76. Bg6 Bc4 77. Bf5 Bb3 1/2-1/2

[Event "Porto Sant Elpidio op-B 8th"]
[Site "Porto Sant Elpidio"]
[Date "2005.11.26"]
[Round "4"]
[White "Di Blasio, Walter"]
[Black "Santarelli, Enrico"]
[Result "1/2-1/2"]
[WhiteElo "1691"]
[BlackElo "1488"]
[PlyCount "110"]
[EventDate "2005.11.19"]
[EventType "swiss"]
[EventRounds "6"]
[EventCountry "ITA"]
[SourceTitle "EXT 2024"]
[Source "ChessBase"]
[SourceDate "2023.10.10"]
[SourceVersion "1"]
[SourceVersionDate "2023.10.10"]
[SourceQuality "1"]

1. c4 c5 2. Nc3 Nf6 3. Nf3 e6 4. e4 d6 5. d4 cxd4 6. Nxd4 a6 7. Be3 Bd7 8. Be2 Nc6 9. 0-0 Be7 10. a3 0-0 11. b4 b6 12. f4 Nxd4 13. Qxd4 Bc6 14. b5 axb5 15. cxb5 Bb7 16. Qxb6 Qxb6 17. Bxb6 Nxe4 18. Nxe4 Bxe4 19. a4 Rfb8 20. a5 Bf6 21. Rad1 Bc3 22. Bc7 Rb7 23. Bxd6 Bxa5 24. Ra1 Bb6+ 25. Kh1 Rd8 26. Rfd1 Bd5 27. Bb4 Rbd7 28. Ba5 Bxa5 29. Rxa5 g6 30. Kg1 h5 31. Ra4 f5 32. Rad4 Kf8 33. Kf2 Ke7 34. Ra4 Rd6 35. g3 Kf6 36. Ra6 e5 37. Rxd6+ Rxd6 38. Bc4 Ke6 39. Bxd5+ Rxd5 40. Rxd5 Kxd5 41. b6 Kc6 42. b7 Kxb7 43. fxe5 Kc6 44. Ke3 Kd5 45. Kf4 Ke6 46. h4 Kd5 47. Kg5 Kxe5 48. Kxg6 f4 49. gxf4+ Kxf4 50. Kxh5 Kf5 51. Kh6 Kf6 52. h5 Kf7 53. Kh7 Kf8 54. Kh8 Kf7 55. h6 Kf8 1/2-1/2